000 00579nam a2200229Ia 4500
003 OSt
005 20240401091643.0
008 210324s9999||||xx |||||||||||||| ||und||
040 _cSTCPL
041 _aENG
082 _a823.09
_bGEO-T
100 _aTillotson, Geoffrey
245 0 _aThackeray the novelist /
_cby Geoffrey Tillotson
260 _aMethuen :
_bCambridge University Press,
_c1963 .
300 _a311 p.
_bPB
490 _aUniversity Paperbacks /
650 _aEnglish literature
650 _aFiction
650 _aCriticism
942 _cBK
942 _2ddc
999 _c12339
_d12339